What About Alabama? Quiz Stats

 Plays Quiz not verified by Sporcle

Score 0/35 Timer 08:00
0 Plays Today
Question Answer % Correct
Which state is directly south of Alabama?Florida
92.2%
Was the city of Birmingham founded before or after the Civil War?After
88.6%
What is the nickname of the annual Alabama-Auburn football game?The Iron Bowl
85.6%
How many metropolitan areas in Alabama contain over 400,000 people?Three
83.2%
What is the name of the largest football stadium in Alabama?Bryant-Denny Stadium
80.8%
How many institutions are in the University of Alabama system?Three
80.8%
How many flags have been flown over the city of Mobile since its founding in 1703?Five
77.8%
What county is the city of Birmingham in?Jefferson
76%
Which statue overlooks the city of Birmingham from Red Mountain?Vulcan
76%
Which city is the smallest of Alabama's 'Big Four'?Huntsville
75.4%
Which major interstate begins in Mobile?Interstate 65
75.4%
How many counties in Alabama have a population over 400,000?Two
74.9%
What is the name of the largest marching band in Alabama?Million Dollar Band
73.7%
How many counties in Alabama have a population over 200,000, but less than 400,000?Two
71.9%
How many dams are located on the Tennessee River in Alabama?Three
69.5%
How many Alabama counties have at least part of their boundaries north of the Tennessee River?Four
68.3%
What large body of water divides Mobile and Baldwin Counties?Mobile Bay
66.5%
What is the name of the river that flows through Tuscaloosa?Black Warrior River
63.5%
Question Answer % Correct
What city is the most populated suburb of Huntsville?Madison
61.7%
The Coosa and Tallapoosa Rivers join to form which river?Alabama River
53.9%
Marshall Space Flight Center is located within which military installation?Redstone Arsenal
52.7%
Regions Park is located in which city?Hoover
52.7%
What is the most populated city in Alabama under 100,000?Tuscaloosa
51.5%
What is the highest mountain peak in Alabama?Mount Cheaha
50.3%
In which year was the University of Alabama founded?1831
49.7%
The University of West Alabama is located in which city?Livingston
49.7%
What is Birmingham's most popular nickname?The Magic City
49.7%
What are the last names of Alabama's two US Senators?Shelby and Sessions
44.3%
In which county would you find the city of Gadsden?Etowah County
38.3%
Florence is the seat of which county?Lauderdale
35.9%
Decatur is the seat of which county?Morgan
34.7%
Which city was Alabama's first constitution written in?Huntsville
33.5%
Which North Alabama city is located exactly 100 miles from both Nashville and Birmingham?Athens
32.3%
If you take Interstate 65 North out of Birmingham, what will be the next interstate you see?Interstate 565
27.5%
Which county sits in the SE corner of Alabama?Houston
27.5%

You're not logged in!

Compare scores with friends on all Sporcle quizzes.
OR
Log In

Show Comments

Extras

Created Oct 20, 2010ReportNominate
Tags:alabama

Top Quizzes Today


Score Distribution

Your Account Isn't Verified!

In order to create a playlist on Sporcle, you need to verify the email address you used during registration. Go to your Sporcle Settings to finish the process.

Report this User

Report this user for behavior that violates our Community Guidelines.

Details: